| 000 | 01971cam a2200337 i 4500 | ||
|---|---|---|---|
| 001 | 13547494 | ||
| 005 | 20250311153750.0 | ||
| 008 | 230711s2023 enka 000 0 eng d | ||
| 010 | _a 2014021493 | ||
| 020 |
_a9781529420364 _q(trade paperback) |
||
| 035 | _a(OCoLC)on1406103668 | ||
| 035 | _a(CaBVaU)13547494 | ||
| 040 |
_aPICCL _beng _erda _cPICCL _dOCLCO _dPUL _dOCLCO _dZQP _dOCLCO _dOCLCQ _dUBC _dUtOrBLW |
||
| 050 | 4 |
_aHF5386 _b.B37 2023 |
|
| 100 |
_aBarton, Gem, _eauthor. _924879 |
||
| 245 | 1 | 0 |
_aDon't get a job ... make a job _b: inventive career models for next-gen creatives _c/ Gem Barton. |
| 246 | 3 | _aDo not get a job ... make a job | |
| 250 | _aNew edition. | ||
| 264 | 1 |
_aLondon : _bLaurence King Publishing, _c[2023] |
|
| 264 | 4 | _c2023 | |
| 300 |
_a159 pages : _bcolour illustrations ; _c20 cm |
||
| 500 | _aPrevious edition published in 2016 by Laurence King Publishing. | ||
| 505 | _aSelf-promotion — In Motion — Make a Difference — Specialism and Diversity — Resilience — Going It Alone and Teaming Up — Gusto | ||
| 520 | _aToo often a design or architecture degree is seen as a means to an end (a job in an established practice). But imagine for one moment that there are no employers, no firms to send your CV to, no interviews to be had. How would you forge your own path after graduation? Perhaps you are not a graduate at all. The most ingenious and driven designers have found ways of making opportunities for themselves across the creative disciplines-ways you can learn from too. 'Don't Get a Job' celebrates the various strategies that the next generation of creatives are taking to gain exposure, while also including interviews and inspirational advice from those who are now enjoying success. | ||
| 650 | 0 |
_aDesign _xVocational guidance. |
|
| 650 | 0 |
_aEntrepreneurship _9570 |
|
| 650 | 0 |
_aJob hunting _91762 |
|
| 650 | 0 |
_aSuccess in business _91506 |
|
| 650 | 0 |
_aIndustrial design _xVocational guidance. |
|
| 942 | _2lcc | ||
| 999 |
_c4526 _d4526 |
||